000 00611nam a22002057a 4500
005 20161206111641.0
010 _aENG-116268
020 _a9788120352667
_c225.00
035 _aEN-99800
037 _bDBAD/PUB
082 _a368.32
100 _aMishra,Kaninika
245 _aFundamantals life insurance :
_btheories and applications /
_cby Kaninika Mishra
250 _a2nd ed
260 _aDelhi
_bPHI Learning
_c2016
270 _a111,Patparganj Industrial Eatate
_bDelhi
_e110092
300 _a197p. :
_bill
_c24cm(pbk)
500 _aIncludes index
942 _2ddc
_cEN
_h368.32
_mMIS
999 _c104119
_d104119